| 000 | 00693nam a2200241Ia 4500 | ||
|---|---|---|---|
| 005 | 20250508164514.0 | ||
| 008 | 008 250505s9999 xx 000 0 eng d | ||
| 020 | _a81-250-1669-4 | ||
| 037 | _aTextual | ||
| 040 |
_aFEDL _beng _cFEDL |
||
| 041 |
_aeng _2eng |
||
| 084 |
_a363.7, KOT _qFEDL |
||
| 100 | _aKothari Ashish | ||
| 245 | 0 | _aUnderstanding biodiversity: Life sustainability and equity | |
| 260 |
_aNew Delhi, India _bOrient Longman Limited _c1997 |
||
| 300 | _axv,161p. | ||
| 365 |
_aINR _b75 |
||
| 490 | _aTracts for the times/11 | ||
| 546 | _aMACESE | ||
| 650 |
_aEnvironomental science _9778318 |
||
| 942 |
_cTEXL _h363.7, KOT |
||
| 999 |
_c1389475 _d1389475 |
||